| 000 | 00472cam a2200157 4500 | ||
|---|---|---|---|
| 040 | _cDLC | ||
| 082 | 0 | 0 | _a634 VEE 1969 A109 Or. |
| 100 | 1 | _aFerwerda, F. P. | |
| 245 | 1 | 0 | _aOutlines of perennial crop breeding in the tropics. |
| 260 |
_aWageningen, _bH. Veenman & Zonen, _c1969. |
||
| 300 |
_a527 p. with illus. _c25 cm. |
||
| 490 | 1 | _aLandbouwhogeschool Wageningen. Miscellaneous papers, no. 4 (1969) | |
| 650 | 0 | _aTropical crops. | |
| 700 | 1 | _aWit, Free, | |
| 942 | _cEK | ||
| 999 |
_c16948 _d16948 |
||